Sci-Fi and Fantasy Movies by Emojis (Part 2) - Statistics

General Stats
  • This quiz has been taken 106 times
  • The average score is 7 of 20
Answer Stats
Picture Answer % Correct
Ghostbusters
90%
Star Trek
75%
Pirates of the Caribbean
72%
The Chronicles of Narnia
71%
The Hunger Games
68%
Matrix
63%
Twilight
49%
Inception
32%
Field of Dreams
28%
Jumanji
28%
The Shape of Water
28%
Ghost
26%
Nope
19%
Mad Max: Fury Road
18%
Children of Men
17%
Pan's Labyrinth
15%
Star Wars
15%
A.I.
11%
Blade Runner
7%
Gattaca
7%
No matching quizzes found
Score Distribution
Percent of People with Each Score
Percentile by Number Answered
Your Score History
You have not taken this quiz